Country Compass - Brazil - Statistics

General Stats
  • This quiz has been taken 11 times
    9 since last reset
  • The average score is 17 of 20
Answer Stats
Answer % Correct
Canada
100%
Mozambique
100%
Tanzania
100%
Albania
83%
Austria
83%
Bosnia and Herzegovina
83%
Croatia
83%
Czech Republic
83%
Egypt
83%
Germany
83%
Greece
83%
Hungary
83%
Kenya
83%
Libya
83%
Montenegro
83%
Norway
83%
South Sudan
83%
Sudan
83%
Uganda
83%
Denmark (Greenland)
67%
No matching quizzes found
Score Distribution
Percent of People with Each Score
Percentile by Number Answered
Your Score History
You have not taken this quiz since the last reset